| 000 | 00000nam##2200000za#4500 |
| 001 | 9.600192 |
| 003 | CaOODSP |
| 005 | 20220901164720 |
| 007 | cr ||||||||||| |
| 008 | 150406|2004||||xxc|||||o f|0| 0 fre|d |
| 040 | |aCaOODSP|bfre |
| 043 | |an-cn--- |
| 086 | 1 |aJ3-2/2004-11F-PDF |
| 110 | 1 |aCanada.|bJustice Canada. |
| 245 | 10|aProjet de loi C-46 : |h[ressource électronique]|bdemandes de communication de dossiers à la suite de l'arrêt Mills, examen de la jurisprudence / |c[par] Susan McDonald et Andrea Wobick. |
| 260 | |bJustice Canada |cJuin 2004. |
| 300 | |a65p.|btableaux |
| 490 | 1 |aMinistère de la justice - rapport de recherche|vrr06vic-2f |
| 590 | |a11-02-Supp|b2011-01-27 |
| 720 | 1 |aMcDonald, Susan |
| 720 | 1 |aWobick, Andrea |
| 775 | 08|tBill C-46 : |w(CaOODSP)9.568939 |
| 830 | #0|aRapport de recherche (Canada. Ministère de la justice. Division de la recherche et de la statistique)|vrr06vic-2f|w(CaOODSP)9.501474 |
| 856 | 40|ahttp://publications.gc.ca|qPDF|s2 Mo|uhttps://publications.gc.ca/collections/collection_2010/justice/J3-2-2004-11-fra.pdf|yrr06vic-2f |